[Event "2. BUNDESLIGA MITTE 2014/2015"]
[Site "Aschach"]
[Date "2014.10.04"]
[Round "2"]
[Board "1"]
[White "Kociscak, Jiri"]
[Black "Schmidt, Peter"]
[Result "1/2-1/2"]
[WhiteElo "2470"]
[BlackElo "2388"]
[PlyCount "66"]
[EventDate "2014.10.03"]
[EventType "team"]
[EventRounds "11"]
[EventCountry "AUT"]
[WhiteTeam "SV Steyregg"]
[BlackTeam "Spg. Sauwald"]

1. d4 Nf6 2. c4 c5 3. d5 b5 4. Nf3 g6 5. cxb5 a6 6. b6 d6 7. Nc3 Nbd7 8. e4 Bg7
9. a4 Qxb6 10. a5 Qa7 11. Be2 O-O 12. O-O Rb8 13. Nd2 Ne8 14. Nc4 Nc7 15. Na4
Nb5 16. Nab6 Nxb6 17. axb6 Qb7 18. Be3 Bd7 19. e5 Nd4 20. Bxd4 cxd4 21. Qxd4
Bb5 22. f4 dxe5 23. fxe5 Rfd8 24. Rfd1 Bxc4 25. Bxc4 Qxb6 26. Qxb6 Rxb6 27. Re1
Rxb2 28. Rxa6 Rc2 29. Rc6 Bh6 30. d6 e6 31. Rc7 Rc1 32. Rxc1 Bxc1 33. Rb7 Be3+
 1/2-1/2

[Event "2. BUNDESLIGA MITTE 2014/2015"]
[Site "Aschach"]
[Date "2014.10.04"]
[Round "2"]
[Board "2"]
[White "Renner, Christoph"]
[Black "Velicka, Petr"]
[Result "1-0"]
[WhiteElo "2351"]
[BlackElo "2412"]
[PlyCount "123"]
[EventDate "2014.10.03"]
[EventType "team"]
[EventRounds "11"]
[EventCountry "AUT"]
[WhiteTeam "Spg. Sauwald"]
[BlackTeam "SV Steyregg"]

1. d4 d5 2. Bf4 c5 3. e3 Nc6 4. c3 Nf6 5. Nd2 g6 6. Ngf3 Bg7 7. Be2 O-O 8. O-O
Nd7 9. Qb3 cxd4 10. cxd4 Nb6 11. Rfc1 Bg4 12. h3 Bxf3 13. Nxf3 Rc8 14. Rc5 e6
15. Rac1 Qe7 16. Bb5 e5 17. Nxe5 Nxe5 18. Rxc8 Rxc8 19. Rxc8+ Nxc8 20. dxe5
Bxe5 21. Qxd5 Bxb2 22. Be2 Ba3 23. Bf3 Bd6 24. Qxb7 Qxb7 25. Bxb7 Bxf4 26. exf4
Nd6 27. Bd5 Kf8 28. Kf1 Nb5 29. Ke1 Nc3 30. Bc4 Ke7 31. Kd2 Ne4+ 32. Ke3 f5 33.
Bd5 Nf6 34. Bf3 Kd6 35. Kd4 Ne8 36. Kc4 Nc7 37. g3 Ne8 38. Bd1 Nf6 39. Bf3 Ne8
40. Bg2 Nc7 41. h4 Ne8 42. Bf3 Nc7 43. h5 Ne8 44. hxg6 hxg6 45. Bd5 Kc7 46. Kd4
Kd7 47. Bf7 Nd6 48. Bxg6 Ke6 49. Bh5 Nb5+ 50. Kd3 Kd5 51. Bf7+ Kc5 52. f3 Nd4
53. Ke3 Nc2+ 54. Kf2 Kd6 55. g4 Nb4 56. Bc4 Kc5 57. Bb3 Kd4 58. Kg3 Ke3 59.
gxf5 Nd3 60. f6 Nxf4 61. Kg4 Nd3 62. Kf5 1-0

[Event "2. BUNDESLIGA MITTE 2014/2015"]
[Site "Aschach"]
[Date "2014.10.04"]
[Round "2"]
[Board "3"]
[White "Enoeckl, Philipp"]
[Black "Hiermann, Dietmar"]
[Result "1-0"]
[WhiteElo "2349"]
[BlackElo "2290"]
[PlyCount "63"]
[EventDate "2014.10.03"]
[EventType "team"]
[EventRounds "11"]
[EventCountry "AUT"]
[WhiteTeam "SV Steyregg"]
[BlackTeam "Spg. Sauwald"]

1. d4 d5 2. Bg5 h6 3. Bh4 c6 4. e3 Bf5 5. Nf3 Nd7 6. c4 g5 7. Bg3 e6 8. Nc3
Ngf6 9. Bd3 Bxd3 10. Qxd3 Nh5 11. Be5 dxc4 12. Qxc4 Nxe5 13. dxe5 Ng7 14. O-O
Qb6 15. Rfd1 Be7 16. Ne4 Rd8 17. Rxd8+ Kxd8 18. Nd6 Rf8 19. b4 Bxd6 20. Rd1 Ne8
21. exd6 Qb5 22. Qd4 Qd5 23. Qa1 Qf5 24. e4 Qf4 25. Qd4 b6 26. Ne5 Nf6 27.
Nxc6+ Kd7 28. Ne5+ Kd8 29. Qc4 Ne8 30. Rc1 Nxd6 31. Qc7+ Ke8 32. Qd7# 1-0

[Event "2. BUNDESLIGA MITTE 2014/2015"]
[Site "Aschach"]
[Date "2014.10.04"]
[Round "2"]
[Board "4"]
[White "Testor, Sebastian"]
[Black "Kirschner, Alexander"]
[Result "1-0"]
[WhiteElo "2286"]
[BlackElo "2224"]
[PlyCount "127"]
[EventDate "2014.10.03"]
[EventType "team"]
[EventRounds "11"]
[EventCountry "AUT"]
[WhiteTeam "Spg. Sauwald"]
[BlackTeam "SV Steyregg"]

1. d4 e6 2. c4 Nf6 3. Nf3 b6 4. g3 Bb7 5. Bg2 Be7 6. O-O O-O 7. Re1 Na6 8. Nc3
Ne4 9. Nxe4 Bxe4 10. Ne5 Bxg2 11. Kxg2 Bd6 12. Nf3 f5 13. Qa4 Nb4 14. Rd1 a5
15. a3 Na6 16. Bf4 Be7 17. h4 d6 18. b4 Qe8 19. Qxe8 Rfxe8 20. b5 Nb8 21. c5
Nd7 22. cxd6 cxd6 23. Rac1 Rac8 24. d5 e5 25. Be3 Nc5 26. Bxc5 bxc5 27. Nd2 a4
28. Nc4 Rb8 29. Rb1 Rb7 30. b6 Ra8 31. Rb5 Ra6 32. Rdb1 Bd8 33. Nxd6 Rbxb6 34.
Rxb6 Rxb6 35. Rxb6 Bxb6 36. Nc4 Bc7 37. d6 Bd8 38. Nxe5 Kf8 39. Nd7+ Kf7 40.
Nxc5 Bf6 41. Nxa4 Ke6 42. Nc5+ Kxd6 43. Nd3 Kd5 44. Kf3 g6 45. h5 g5 46. g4 f4
47. a4 Bd8 48. Nxf4+ gxf4 49. Kxf4 Ke6 50. g5 Bb6 51. f3 Bd8 52. e3 Bb6 53. Ke4
Bd8 54. f4 Bb6 55. f5+ Kf7 56. Kf3 Bd8 57. Kg4 Bb6 58. e4 Bc7 59. h6 Ba5 60. f6
Kg6 61. e5 Bd2 62. e6 Ba5 63. e7 Kf7 64. g6+ 1-0

[Event "2. BUNDESLIGA MITTE 2014/2015"]
[Site "Aschach"]
[Date "2014.10.04"]
[Round "2"]
[Board "5"]
[White "Wiesinger, Robert"]
[Black "Hellmayr, Alois"]
[Result "0-1"]
[WhiteElo "2191"]
[BlackElo "2237"]
[PlyCount "52"]
[EventDate "2014.10.03"]
[EventType "team"]
[EventRounds "11"]
[EventCountry "AUT"]
[WhiteTeam "SV Steyregg"]
[BlackTeam "Spg. Sauwald"]

1. e4 c5 2. Nf3 e6 3. d4 cxd4 4. Nxd4 a6 5. Bd3 d6 6. O-O Nf6 7. Kh1 g6 8. f4
Bg7 9. Nf3 Nc6 10. c4 Qc7 11. Nc3 O-O 12. Bd2 b6 13. Rc1 Bb7 14. b3 Rac8 15.
Qe1 Qb8 16. Qe2 Qa8 17. Rfe1 Rfd8 18. Na4 Nd7 19. Be3 e5 20. Nxb6 Nxb6 21. Bxb6
Re8 22. f5 Nd4 23. Nxd4 exd4 24. Qf3 Rc6 25. fxg6 hxg6 26. Ba5 Re5 {Rest
unleserlich. 0-1 im 43. Zug.} 0-1

[Event "2. BUNDESLIGA MITTE 2014/2015"]
[Site "Aschach"]
[Date "2014.10.04"]
[Round "2"]
[Board "6"]
[White "Taggatz, Mario"]
[Black "Pierecker, Markus"]
[Result "0-1"]
[WhiteElo "2193"]
[BlackElo "2152"]
[PlyCount "36"]
[EventDate "2014.10.03"]
[EventType "team"]
[EventRounds "11"]
[EventCountry "AUT"]
[WhiteTeam "Spg. Sauwald"]
[BlackTeam "SV Steyregg"]

1. d4 Nf6 2. Nf3 g6 3. c3 Bg7 4. Bg5 d6 5. Nbd2 Nc6 6. e4 O-O 7. Bb5 Bd7 8. O-O
Qe8 9. e5 dxe5 10. Bxc6 Bxc6 11. Nxe5 Ne4 12. Bxe7 Bxe5 13. Bxf8 Bf4 14. Nxe4
Qxe4 15. d5 Bxd5 16. f3 Qe5 17. Be7 Bxh2+ 18. Kh1 Bg3 0-1

[Event "2. BUNDESLIGA MITTE 2014/2015"]
[Site "Aschach"]
[Date "2014.10.04"]
[Round "2"]
[Board "1"]
[White "Krebs, Johann"]
[Black "Schachinger, Mario"]
[Result "1/2-1/2"]
[WhiteElo "2265"]
[BlackElo "2414"]
[PlyCount "153"]
[EventDate "2014.10.03"]
[EventType "team"]
[EventRounds "11"]
[EventCountry "AUT"]
[WhiteTeam "Strassenbahn Graz"]
[BlackTeam "SC MPOE Maria Saal II"]

1. d4 Nf6 2. c4 e6 3. Nc3 Bb4 4. Qc2 O-O 5. a3 Bxc3+ 6. Qxc3 b6 7. Bg5 Bb7 8.
f3 c5 9. dxc5 bxc5 10. e3 d6 11. Rd1 a5 12. Ne2 Ra6 13. Bxf6 gxf6 14. Nf4 Nd7
15. Be2 f5 16. O-O Qf6 17. Qxf6 Nxf6 18. Rd2 Rb8 19. Bd1 Rb6 20. Ba4 Ba6 21. b3
d5 22. Rc1 dxc4 23. bxc4 Rb1 24. Rdd1 Rxc1 25. Rxc1 Ne8 26. Bxe8 Rxe8 27. Nd3
Rc8 28. Kf2 Kf8 29. Ke2 Ke7 30. Kd2 Kd6 31. Kc3 Rb8 32. Rd1 Bc8 33. f4 f6 34.
e4 fxe4 35. Nf2+ Kc6 36. Nxe4 a4 37. Rd6+ Kc7 38. Rd3 Kc6 39. Rd6+ Kc7 40. Rd3
Kc6 41. Nxf6 Rb1 42. Ng4 Rc1+ 43. Kd2 Ra1 44. Ne5+ Kc7 45. Rh3 Ra2+ 46. Kc1
Rxg2 47. Rxh7+ Kb6 48. Rh6 Kc7 49. Rh3 Bb7 50. Rh7+ Kc8 51. Nd3 Be4 52. Rh8+
Kc7 53. Nxc5 Bf5 54. Nxa4 Rf2 55. h4 Rxf4 56. Kd2 Rf3 57. h5 Rd3+ 58. Ke1 Rxa3
59. Nb2 Ra2 60. Nd1 Bd3 61. Nf2 Bxc4 62. h6 Re2+ 63. Kd1 Rxf2 64. h7 Rh2 65.
Ra8 Bd5 66. h8=Q Rxh8 67. Rxh8 Kd6 68. Kd2 Ke5 69. Ke3 Kf5 70. Kd4 Bb3 71. Rf8+
Kg6 72. Ke5 Kg7 73. Rf2 Bd5 74. Kd6 Kg6 75. Ke5 Kg7 76. Rf6 Bc4 77. Rxe6
 1/2-1/2

[Event "2. BUNDESLIGA MITTE 2014/2015"]
[Site "Aschach"]
[Date "2014.10.04"]
[Round "2"]
[Board "2"]
[White "Tratar, Marko"]
[Black "Pesorda, Ivan"]
[Result "1-0"]
[WhiteElo "2471"]
[BlackElo "2236"]
[PlyCount "55"]
[EventDate "2014.10.03"]
[EventType "team"]
[EventRounds "11"]
[EventCountry "AUT"]
[WhiteTeam "SC MPOE Maria Saal II"]
[BlackTeam "Strassenbahn Graz"]

1. c4 c5 2. Nf3 Nf6 3. Nc3 Nc6 4. g3 d5 5. cxd5 Nxd5 6. Bg2 Nc7 7. O-O e5 8. d3
Be7 9. Nd2 Bd7 10. Nc4 f6 11. Be3 O-O 12. Rc1 Kh8 13. Bxc6 Bxc6 14. Na5 Bd5 15.
Nxd5 Nxd5 16. Bd2 Qd7 17. a4 Rac8 18. Nc4 b6 19. Kg2 Qb7 20. f3 Rcd8 21. h4 Rd7
22. h5 Bd8 23. Qb3 Bc7 24. Ne3 Ne7 25. Rxc5 e4 26. fxe4 Bxg3 27. Rg5 Bh4 28.
Rg4 1-0

[Event "2. BUNDESLIGA MITTE 2014/2015"]
[Site "Aschach"]
[Date "2014.10.04"]
[Round "2"]
[Board "3"]
[White "Steiner, Stefan"]
[Black "Halvax, Georg"]
[Result "1/2-1/2"]
[WhiteElo "2269"]
[BlackElo "2360"]
[PlyCount "100"]
[EventDate "2014.10.03"]
[EventType "team"]
[EventRounds "11"]
[EventCountry "AUT"]
[WhiteTeam "Strassenbahn Graz"]
[BlackTeam "SC MPOE Maria Saal II"]

1. Nc3 c5 2. Nf3 Nc6 3. d4 cxd4 4. Nxd4 Nf6 5. g3 d5 6. Bg2 e5 7. Nb3 d4 8. Nb1
Be6 9. O-O Bd5 10. e3 Bxg2 11. Kxg2 Qd5+ 12. f3 O-O-O 13. e4 Qe6 14. a3 h5 15.
h3 Be7 16. Qd3 Rhg8 17. N1d2 g5 18. Qc4 Qxc4 19. Nxc4 g4 20. hxg4 hxg4 21. f4
Nxe4 22. Nxe5 f5 23. Bd2 Bf6 24. Nxc6 bxc6 25. Ba5 Rd5 26. Rad1 c5 27. c4 Rd7
28. Rh1 Rb7 29. Rd3 Rh8 30. Rxh8+ Bxh8 31. Be1 Bf6 32. Kf1 Bd8 33. Ke2 Kd7 34.
Nxc5+ Nxc5 35. Rxd4+ Kc8 36. b4 Rd7 37. Rxd7 Nxd7 38. Kd3 Nf6 39. Kd4 Bc7 40.
c5 Kd7 41. b5 Ke6 42. a4 Bb8 43. c6 Nd5 44. Kc5 Bd6+ 45. Kd4 Bc7 46. a5 Kd6 47.
Bd2 Bd8 48. Kc4 Bc7 49. Be1 Bd8 50. Bd2 Bc7 1/2-1/2

[Event "2. BUNDESLIGA MITTE 2014/2015"]
[Site "Aschach"]
[Date "2014.10.04"]
[Round "2"]
[Board "4"]
[White "Kreisl, Robert"]
[Black "Detter, Peter"]
[Result "1-0"]
[WhiteElo "2421"]
[BlackElo "2040"]
[PlyCount "87"]
[EventDate "2014.10.03"]
[EventType "team"]
[EventRounds "11"]
[EventCountry "AUT"]
[WhiteTeam "SC MPOE Maria Saal II"]
[BlackTeam "Strassenbahn Graz"]

1. Nf3 c5 2. g3 g6 3. Bg2 Bg7 4. O-O Nc6 5. e4 e6 6. c3 d5 7. exd5 exd5 8. d4
cxd4 9. Nxd4 Nxd4 10. cxd4 Ne7 11. Nc3 O-O 12. Qb3 Nc6 13. Qxd5 Nxd4 14. Bg5
Qb6 15. Be7 Re8 16. Bc5 Qf6 17. Rad1 Nc6 18. Qb3 Be6 19. Qxb7 Ne5 20. Ne4 Nf3+
21. Kh1 Qf5 22. b4 Qh5 23. Nf6+ Bxf6 24. Qxf3 Qxf3 25. Bxf3 Rac8 26. a3 Bb2 27.
Bxa7 Bxa3 28. Bc5 Bf5 29. Kg2 Rb8 30. Bd6 Rb6 31. Bc5 Rbb8 32. g4 Be4 33. Rd4
Bxf3+ 34. Kxf3 Bb2 35. Re4 Red8 36. Rb1 Bc3 37. b5 Rd5 38. Rc4 Be5 39. b6 Bxh2
40. b7 Re8 41. Ba7 Rdd8 42. Rbc1 Kf8 43. Rc8 Ke7 44. Re1+ 1-0

[Event "2. BUNDESLIGA MITTE 2014/2015"]
[Site "Aschach"]
[Date "2014.10.04"]
[Round "2"]
[Board "5"]
[White "Teuschler, Hugo"]
[Black "Rieger, Robert"]
[Result "0-1"]
[WhiteElo "2043"]
[BlackElo "2293"]
[PlyCount "62"]
[EventDate "2014.10.03"]
[EventType "team"]
[EventRounds "11"]
[EventCountry "AUT"]
[WhiteTeam "Strassenbahn Graz"]
[BlackTeam "SC MPOE Maria Saal II"]

1. e4 c5 2. Nf3 Nc6 3. d4 cxd4 4. Nxd4 g6 5. Nc3 Bg7 6. Be3 Nf6 7. Nxc6 bxc6 8.
e5 Ng8 9. Bd4 Qa5 10. Bc4 Bxe5 11. O-O f6 12. Re1 Qc7 13. Bxg8 Rxg8 14. Bxe5
fxe5 15. Qd2 Kf8 16. Qh6+ Rg7 17. Re3 Kg8 18. Rae1 d6 19. f4 Bf5 20. fxe5 d5
21. Nd1 Bxc2 22. R3e2 Bxd1 23. Rxd1 Rf7 24. Qe3 Raf8 25. h3 Rf4 26. Rc2 Re4 27.
Qc3 Rc4 28. Qd2 Qb6+ 29. Kh1 Rxc2 30. Qxc2 Rf2 31. Rd2 Rf1+ 0-1

[Event "2. BUNDESLIGA MITTE 2014/2015"]
[Site "Aschach"]
[Date "2014.10.04"]
[Round "2"]
[Board "6"]
[White "Ertl, Johann"]
[Black "Kainz, Josef"]
[Result "1-0"]
[WhiteElo "2277"]
[BlackElo "1943"]
[PlyCount "97"]
[EventDate "2014.10.03"]
[EventType "team"]
[EventRounds "11"]
[EventCountry "AUT"]
[WhiteTeam "SC MPOE Maria Saal II"]
[BlackTeam "Strassenbahn Graz"]

1. e4 c5 2. Nf3 Nc6 3. d4 cxd4 4. Nxd4 e5 5. Nb5 d6 6. N1c3 a6 7. Na3 b5 8. Nd5
Nge7 9. c4 Nd4 10. Be3 Nxd5 11. cxd5 Be7 12. Bxd4 exd4 13. g3 f5 14. Bg2 Bf6
15. O-O O-O 16. Qd3 b4 17. Nc4 fxe4 18. Bxe4 g6 19. a3 Rb8 20. axb4 Rxb4 21.
Rfc1 Rb5 22. Rc2 Bb7 23. Ra4 Re8 24. f3 Kg7 25. Qa3 Be5 26. Rb4 d3 27. Rd2 Bd4+
28. Kg2 Bxd5 29. Rxb5 Bxe4 30. fxe4 axb5 31. Qxd3 bxc4 32. Qxd4+ Qf6 33. Qxc4
Rf8 34. Qd4 Qxd4 35. Rxd4 Rb8 36. b4 Rb6 37. Kf3 Kf6 38. Ke3 Ke5 39. Kd3 h5 40.
Rd5+ Ke6 41. b5 Rb8 42. Rg5 Kf6 43. h4 Ra8 44. b6 Rb8 45. Rb5 Ke6 46. Kd4 Kd7
47. Kd5 Re8 48. b7 Re5+ 49. Kc4 1-0

[Event "2. BUNDESLIGA MITTE 2014/2015"]
[Site "Aschach"]
[Date "2014.10.04"]
[Round "2"]
[Board "1"]
[White "Huber, Martin Christian"]
[Black "Kovacs, Gabor"]
[Result "1-0"]
[WhiteElo "2241"]
[BlackElo "2482"]
[PlyCount "56"]
[EventDate "2014.10.03"]
[EventType "team"]
[EventRounds "11"]
[EventCountry "AUT"]
[WhiteTeam "Schachfreunde Graz"]
[BlackTeam "Union Styria Graz"]

1. d4 Nf6 2. c4 e6 3. Nf3 d5 4. Nc3 Nbd7 5. Bf4 dxc4 6. e3 Nb6 7. Bxc4 Nxc4 8.
Qa4+ Bd7 9. Qxc4 Bd6 10. Ne5 O-O 11. O-O Be8 12. Rac1 c6 13. Bg5 Be7 14. Rfd1
Kh8 15. e4 Qa5 16. Qb3 Qb4 17. Qc2 Rd8 18. a3 Qa5 19. Nf3 h6 20. Bxf6 Bxf6 21.
e5 Be7 22. b4 Qa6 23. Qb3 b6 24. Ne4 Qb7 25. Qe3 Qa8 26. Nf6 Bd7 27. d5 exd5
28. Rd4 Bf5 {Rest unleserlich. 1-0 im 71.Zug.} 1-0

[Event "2. BUNDESLIGA MITTE 2014/2015"]
[Site "Aschach"]
[Date "2014.10.04"]
[Round "2"]
[Board "2"]
[White "Wittmann, Walter"]
[Black "Schnider, Gert"]
[Result "0-1"]
[WhiteElo "2170"]
[BlackElo "2338"]
[PlyCount "82"]
[EventDate "2014.10.03"]
[EventType "team"]
[EventRounds "11"]
[EventCountry "AUT"]
[WhiteTeam "Union Styria Graz"]
[BlackTeam "Schachfreunde Graz"]

1. e4 c5 2. Nc3 Nc6 3. g3 g6 4. Bg2 Bg7 5. d3 e6 6. Nge2 d6 7. O-O Rb8 8. a4
Nge7 9. Bg5 h6 10. Be3 Nd4 11. Qd2 Nec6 12. Rab1 Qa5 13. Rfc1 Bd7 14. Bf4 Nxe2+
15. Nxe2 Qxd2 16. Bxd2 Ke7 17. b3 Rhc8 18. f4 b6 19. Kf2 a6 20. Bc3 Nd4 21.
Nxd4 Bxd4+ 22. Bxd4 cxd4 23. Ke2 Rc3 24. Kd2 Rbc8 25. Rb2 e5 26. Rf1 a5 27. Rf2
R8c7 28. Bf1 R3c5 29. Be2 Rc8 30. Bd1 exf4 31. Rxf4 Re5 32. Rf2 Rc3 33. Rf4 Be6
34. Rf2 Kd7 35. Be2 Kc6 36. Rf1 Kc5 37. b4+ axb4 38. Rfb1 b3 39. cxb3 Kb4 40.
Ra1 Rxb3 41. Rxb3+ Bxb3 0-1

[Event "2. BUNDESLIGA MITTE 2014/2015"]
[Site "Aschach"]
[Date "2014.10.04"]
[Round "2"]
[Board "3"]
[White "Jusic, Zdenko"]
[Black "Pirker, Christian"]
[Result "1-0"]
[WhiteElo "2283"]
[BlackElo "2186"]
[PlyCount "85"]
[EventDate "2014.10.03"]
[EventType "team"]
[EventRounds "11"]
[EventCountry "AUT"]
[WhiteTeam "Schachfreunde Graz"]
[BlackTeam "Union Styria Graz"]

1. e4 c5 2. Nf3 d6 3. d4 cxd4 4. Nxd4 Nf6 5. Nc3 a6 6. f4 e5 7. Nf3 Qc7 8. Bd3
Nbd7 9. Qe2 b5 10. a3 Bb7 11. Bd2 Be7 12. g4 exf4 13. h3 O-O 14. Bxf4 Ne5 15.
O-O-O Rfe8 16. Kb1 Bf8 17. Rhe1 Rac8 18. g5 Nfd7 19. Nd4 Nc5 20. Nf5 Qd7 21.
Ne3 Ncxd3 22. cxd3 Ng6 23. Ncd5 Rc5 24. Qf3 Ne7 25. d4 Rc6 26. Nxe7+ Bxe7 27.
d5 Rcc8 28. Nf5 Bf8 29. Bd2 Rc4 30. Rc1 Rxc1+ 31. Rxc1 Rc8 32. Bc3 Rc7 33. Rf1
Bc8 34. Nh6+ gxh6 35. gxh6 Bxh6 36. Qf6 Rxc3 37. Rg1+ Kf8 38. Qxh6+ Ke7 39.
Qh4+ Kf8 40. bxc3 a5 41. Qh6+ Ke7 42. Rg8 Qxh3 43. Qg5+ 1-0

[Event "2. BUNDESLIGA MITTE 2014/2015"]
[Site "Aschach"]
[Date "2014.10.04"]
[Round "2"]
[Board "4"]
[White "Manhardt, Thomas"]
[Black "Kravanja, Georg"]
[Result "1-0"]
[WhiteElo "2246"]
[BlackElo "2221"]
[PlyCount "51"]
[EventDate "2014.10.03"]
[EventType "team"]
[EventRounds "11"]
[EventCountry "AUT"]
[WhiteTeam "Union Styria Graz"]
[BlackTeam "Schachfreunde Graz"]

1. e4 c6 2. d4 d5 3. e5 Bf5 4. Nc3 e6 5. g4 Bg6 6. Nge2 c5 7. h4 h5 8. Nf4 Bh7
9. Nxh5 Nc6 10. dxc5 Bxc5 11. Bb5 d4 12. Qf3 Kf8 13. Bxc6 bxc6 14. Nf4 Qd7 15.
Ne4 Bb4+ 16. Bd2 Bxd2+ 17. Nxd2 Rc8 18. O-O-O c5 19. Qa3 Ne7 20. Nc4 Be4 21. f3
Bd5 22. Nxd5 Qxd5 23. Nd6 Rb8 24. f4 Nc6 25. Rh2 g5 26. c4 1-0

[Event "2. BUNDESLIGA MITTE 2014/2015"]
[Site "Aschach"]
[Date "2014.10.04"]
[Round "2"]
[Board "5"]
[White "Kastner, Walter"]
[Black "Stagl, Marco"]
[Result "1-0"]
[WhiteElo "2230"]
[BlackElo "2104"]
[PlyCount "55"]
[EventDate "2014.10.03"]
[EventType "team"]
[EventRounds "11"]
[EventCountry "AUT"]
[WhiteTeam "Schachfreunde Graz"]
[BlackTeam "Union Styria Graz"]

1. Nf3 g6 2. e4 Bg7 3. d4 d6 4. Bc4 c6 5. Bb3 Nf6 6. Qe2 Bg4 7. c3 d5 8. exd5
cxd5 9. h3 Bf5 10. Nbd2 O-O 11. g4 Bc8 12. Ne5 Ne8 13. Ndf3 Nc6 14. Bf4 Na5 15.
Bc2 Nd6 16. O-O Nac4 17. Bd3 Na5 18. b4 Nc6 19. Nxc6 bxc6 20. Rfe1 e6 21. Ne5
Bb7 22. a4 Re8 23. a5 Bxe5 24. dxe5 Nb5 25. a6 Bc8 26. Qd2 Bd7 27. Bg5 Qb6 28.
Bf6 1-0

[Event "2. BUNDESLIGA MITTE 2014/2015"]
[Site "Aschach"]
[Date "2014.10.04"]
[Round "2"]
[Board "6"]
[White "Rohler, Siegfried"]
[Black "Eder, Matthias"]
[Result "1/2-1/2"]
[WhiteElo "2172"]
[BlackElo "2152"]
[PlyCount "69"]
[EventDate "2014.10.03"]
[EventType "team"]
[EventRounds "11"]
[EventCountry "AUT"]
[WhiteTeam "Union Styria Graz"]
[BlackTeam "Schachfreunde Graz"]

1. e4 g6 2. d4 Bg7 3. Nc3 d6 4. f4 a6 5. Nf3 b5 6. Bd3 Nd7 7. e5 c5 8. Be4 Rb8
9. O-O cxd4 10. Nxd4 dxe5 11. Nc6 Qb6+ 12. Kh1 Ngf6 13. Nxb8 Qxb8 14. fxe5 Nxe5
15. Bf4 O-O 16. Qe1 Nh5 17. Qh4 Nxf4 18. Qxf4 e6 19. Rae1 Qb6 20. Bd3 Nxd3 21.
cxd3 f5 22. a3 Bb7 23. Re2 a5 24. Rfe1 Qc6 25. d4 b4 26. axb4 axb4 27. d5 Qc5
28. Na4 Qa5 29. dxe6 Qxa4 30. Qc4 Re8 31. e7+ Kh8 32. b3 Qd7 33. Qxb4 Be4 34.
Rd2 Qxe7 35. Qxe7 1/2-1/2

[Event "2. BUNDESLIGA MITTE 2014/2015"]
[Site "Aschach"]
[Date "2014.10.04"]
[Round "2"]
[Board "1"]
[White "Horvath, Adam"]
[Black "Poetz, Florian"]
[Result "1-0"]
[WhiteElo "2530"]
[BlackElo "2390"]
[PlyCount "83"]
[EventDate "2014.10.03"]
[EventType "team"]
[EventRounds "11"]
[EventCountry "AUT"]
[WhiteTeam "RbEJ Gleisdorf"]
[BlackTeam "Spg.Sparkasse Fuerstenfeld/Hartberg"]

1. e4 e6 2. d4 d5 3. Nc3 Nf6 4. Bg5 dxe4 5. Nxe4 Nbd7 6. Nf3 h6 7. Nxf6+ Nxf6
8. Be3 Bd6 9. Bd3 b6 10. Qe2 Bb7 11. O-O-O Nd5 12. Kb1 O-O 13. Bc1 Nf4 14. Bxf4
Bxf4 15. Be4 Qc8 16. g3 Bd6 17. Ne5 Bxe4 18. Qxe4 c5 19. dxc5 Bxe5 20. Qxe5
bxc5 21. Rd6 Re8 22. Rhd1 Qc7 23. f4 Rad8 24. a3 Rxd6 25. Qxd6 Qa5 26. Qc6 Rb8
27. Ka2 h5 28. Rd7 g6 29. Rc7 Qd2 30. Qd7 Qxd7 31. Rxd7 a6 32. Rc7 Rd8 33. Rxc5
h4 34. gxh4 Rd4 35. Ra5 Rxf4 36. Rxa6 Rxh4 37. b4 Rxh2 38. Kb3 g5 39. b5 Rh1
40. Ka2 Kg7 41. Ra8 Rh2 42. Rc8 1-0

[Event "2. BUNDESLIGA MITTE 2014/2015"]
[Site "Aschach"]
[Date "2014.10.04"]
[Round "2"]
[Board "2"]
[White "Freitag, Manfred"]
[Black "Horvath, Tamas"]
[Result "1/2-1/2"]
[WhiteElo "2379"]
[BlackElo "2354"]
[PlyCount "35"]
[EventDate "2014.10.03"]
[EventType "team"]
[EventRounds "11"]
[EventCountry "AUT"]
[WhiteTeam "Spg.Sparkasse Fuerstenfeld/Hartberg"]
[BlackTeam "RbEJ Gleisdorf"]

1. d4 Nf6 2. c4 e6 3. Nf3 Bb4+ 4. Bd2 Qe7 5. g3 b6 6. Bg2 Bb7 7. O-O Bxd2 8.
Qxd2 O-O 9. Nc3 d5 10. cxd5 exd5 11. Ne5 c5 12. Rac1 Na6 13. Rfd1 Rfd8 14. Nb5
Nb4 15. Nc3 Na6 16. Nb5 Nb4 17. Nc3 Na6 18. Nb5 1/2-1/2

[Event "2. BUNDESLIGA MITTE 2014/2015"]
[Site "Aschach"]
[Date "2014.10.04"]
[Round "2"]
[Board "3"]
[White "Frosch, Ronald"]
[Black "Kuba, Guenter"]
[Result "0-1"]
[WhiteElo "2196"]
[BlackElo "2374"]
[PlyCount "102"]
[EventDate "2014.10.03"]
[EventType "team"]
[EventRounds "11"]
[EventCountry "AUT"]
[WhiteTeam "RbEJ Gleisdorf"]
[BlackTeam "Spg.Sparkasse Fuerstenfeld/Hartberg"]

1. d4 f5 2. Nf3 Nf6 3. g3 g6 4. Bg2 Bg7 5. O-O O-O 6. c4 d6 7. Nc3 c6 8. Qc2
Qc7 9. Rd1 e5 10. c5 e4 11. cxd6 Qxd6 12. Bf4 Qe7 13. Ne5 Be6 14. Bg5 Nbd7 15.
e3 Qe8 16. Nxd7 Qxd7 17. Bf1 Nd5 18. Bc4 h6 19. Bxd5 Bxd5 20. Bf4 Rfd8 21. h4
Qe7 22. Qe2 Bf7 23. g4 Qxh4 24. Bg3 Qh3 25. Na4 Bd5 26. Nc5 b6 27. Na6 Rac8 28.
Rac1 Qxg4 29. Qxg4 fxg4 30. a3 Rd7 31. Rd2 Bf8 32. Rdc2 g5 33. Nb8 Rxb8 34.
Bxb8 Bd6 35. Bxd6 Rxd6 36. Kg2 Kg7 37. b4 a6 38. Rh1 Kg6 39. Rc3 h5 40. a4 h4
41. Rb1 b5 42. axb5 axb5 43. Ra3 Rf6 44. Rb2 Rf3 45. Kg1 g3 46. fxg3 Rxg3+ 47.
Rg2 Rf3 48. Rf2 g4 49. Rc3 g3 50. Rf1 h3 51. Rfc1 Kg5 0-1

[Event "2. BUNDESLIGA MITTE 2014/2015"]
[Site "Aschach"]
[Date "2014.10.04"]
[Round "2"]
[Board "4"]
[White "Feher, Adam"]
[Black "Wegerer, Fred"]
[Result "1-0"]
[WhiteElo "2356"]
[BlackElo "2157"]
[PlyCount "59"]
[EventDate "2014.10.03"]
[EventType "team"]
[EventRounds "11"]
[EventCountry "AUT"]
[WhiteTeam "Spg.Sparkasse Fuerstenfeld/Hartberg"]
[BlackTeam "RbEJ Gleisdorf"]

1. e4 c6 2. d4 g6 3. Nc3 Bg7 4. Nf3 d5 5. Bf4 dxe4 6. Nxe4 Nf6 7. Nxf6+ exf6 8.
Be2 O-O 9. O-O Nd7 10. c4 Nb6 11. Qb3 Re8 12. Rfe1 g5 13. Be3 g4 14. Nd2 f5 15.
Nf1 f4 16. Bxf4 Qxd4 17. Qg3 h5 18. Be3 Qxb2 19. h3 Qe5 20. Bf4 Qc3 21. Ne3 Qf6
22. hxg4 Re4 23. Bc7 hxg4 24. Bd3 Rd4 25. Rad1 Be6 26. Qh2 Rxd3 27. Rxd3 Nxc4
28. Nxc4 Bxc4 29. Be5 Qg5 30. Rde3 1-0

[Event "2. BUNDESLIGA MITTE 2014/2015"]
[Site "Aschach"]
[Date "2014.10.04"]
[Round "2"]
[Board "5"]
[White "Watzka, Horst"]
[Black "Radnetter, Georg"]
[Result "1/2-1/2"]
[WhiteElo "2235"]
[BlackElo "2256"]
[PlyCount "91"]
[EventDate "2014.10.03"]
[EventType "team"]
[EventRounds "11"]
[EventCountry "AUT"]
[WhiteTeam "RbEJ Gleisdorf"]
[BlackTeam "Spg.Sparkasse Fuerstenfeld/Hartberg"]

1. e4 e6 2. d4 d5 3. Nc3 Nf6 4. Bg5 dxe4 5. Nxe4 Nbd7 6. Nf3 h6 7. Nxf6+ Nxf6
8. Be3 Nd5 9. Bd2 c5 10. c3 a6 11. Be2 cxd4 12. Nxd4 Bd6 13. Bf3 Nf6 14. Qc2
O-O 15. O-O e5 16. Nb3 a5 17. Be3 Ng4 18. Qe4 Nxe3 19. Qxe3 Qc7 20. Bd5 Kh8 21.
Nd2 Bc5 22. Qe2 f5 23. Kh1 Ra6 24. Rae1 e4 25. Nb3 a4 26. Nxc5 Qxc5 27. c4 Be6
28. Rd1 Qb4 29. f3 Bxd5 30. Rxd5 Re6 31. Rb5 Qe7 32. fxe4 fxe4 33. Rbf5 Rxf5
34. Rxf5 e3 35. Rf3 Re4 36. h3 Kg8 37. b3 a3 38. b4 Qe5 39. Rf1 Qb2 40. Qd3 Qe5
41. c5 e2 42. Re1 Kh8 43. Qd8+ Kh7 44. Qd3 Kh8 45. Qd8+ Kh7 46. Qd3 1/2-1/2